| Tag |
First Indicator |
Second Indicator |
Subfields |
| LEADER |
00000cam a2200000Ia 4500 |
| 001 |
in00002782696 |
| 005 |
20211120170436.0 |
| 006 |
m d f |
| 007 |
cr cn||||||||| |
| 008 |
121026s2012 ohua obt f000 0 eng d |
| 035 |
|
|
|a (OCoLC)ocn814527299
|
| 040 |
|
|
|a GPO
|c GPO
|d MvI
|d UtOrBLW
|
| 049 |
|
|
|a WWW
|
| 074 |
|
|
|a 0830-D (online)
|
| 086 |
0 |
|
|a NAS 1.15:2012-217251
|
| 100 |
1 |
|
|a Henderson, Brenda S.
|
| 245 |
1 |
2 |
|a A PIV study of slotted air injection for jet noise reduction /
|c Brenda S. Henderson and Mark P. Wernet.
|
| 246 |
3 |
|
|a Particle Image Velocimetry study of slotted air injection for jet noise reduction
|
| 264 |
|
1 |
|a Cleveland, Ohio :
|b National Aeronautics and Space Administration, Glenn Research Center,
|c [2012]
|
| 300 |
|
|
|a 1 online resource (16 pages) :
|b color illustrations
|
| 336 |
|
|
|a text
|b txt
|2 rdacontent
|
| 337 |
|
|
|a computer
|b c
|2 rdamedia
|
| 338 |
|
|
|a online resource
|b cr
|2 rdacarrier
|
| 490 |
1 |
|
|a NASA/TM ;
|v 2012-217251
|
| 500 |
|
|
|a Title from title screen (viewed on Oct. 26, 2012).
|
| 500 |
|
|
|a "May 2012."
|
| 500 |
|
|
|a "Prepared for the 17th Aeroacoustics Conference cosponsored by the American Institute of Aeronautics and Astronautics and the Confederation of European Aerospace Societies, Portland, Oregon, June 5-8, 2011."
|
| 504 |
|
|
|a Includes bibliographical references (page 5).
|
| 500 |
|
|
|a "AIAA-2011-8665."
|
| 536 |
|
|
|a Sponsored by National Aeronautics and Space Administration
|h WBS 984754.02.07.03.17.05
|
| 536 |
|
|
|d E-18006
|
| 500 |
|
|
|a Electronic resource.
|
| 650 |
|
7 |
|a Aerodynamic noise.
|2 nasat
|
| 650 |
|
7 |
|a Fluid jets.
|2 nasat
|
| 650 |
|
7 |
|a Particle image velocimetry.
|2 nasat
|
| 650 |
|
7 |
|a Jet aircraft noise.
|2 nasat
|
| 650 |
|
7 |
|a Jet mixing flow.
|2 nasat
|
| 650 |
|
7 |
|a Supersonic jet flow.
|2 nasat
|
| 650 |
|
7 |
|a Noise reduction.
|2 nasat
|
| 700 |
1 |
|
|a Wernet, Mark P.
|
| 711 |
2 |
|
|a AIAA Aeroacoustics Conference
|n (17th :
|d 2011 :
|c Portland, Or.)
|
| 710 |
2 |
|
|a NASA Glenn Research Center.
|
| 830 |
|
0 |
|a NASA technical memorandum ;
|v 2012-217251.
|
| 856 |
4 |
0 |
|u https://purl.fdlp.gov/GPO/gpo30571
|t 0
|
| 999 |
|
|
|a MARS
|
| 999 |
f |
f |
|s 98e79329-0c8b-3eec-b290-1e78dca6fe16
|i 0773f420-15dd-37a0-aca0-d3fe4c1d1573
|t 0
|
| 952 |
f |
f |
|a Texas A&M University
|b College Station
|c Electronic Resources
|d Available Online
|t 0
|e NAS 1.15:2012-217251
|h Superintendent of Documents classification
|
| 998 |
f |
f |
|a NAS 1.15:2012-217251
|t 0
|l Available Online
|